[Event "B"]
[Site ""]
[Date "2009.01.31"]
[Round "1.152"]
[White "Zavialov, Vladimir"]
[Black "Klyuev, Alexander S"]
[Result "1/2-1/2"]
[WhiteElo "2157"]
[BlackElo "1755"]
[Annotator ""]
[Source ""]
[Remark ""]

1.d4 Nf6 2.Nf3 e6 3.Bf4 b6 4.e3 Bb7 5.Nbd2 Be7 6.Bd3 d6 7.h3
c5 8.O-O Nc6 9.Qe2 O-O 10.c3 cxd4 11.exd4 Re8 12.Rad1 Qd7 13.Rfe1
Rad8 14.Bc2 Qc8 15.Bd3 Qd7 16.Ne4 g6 17.Neg5 Bf8 18.Bc4 h6 19.Nxe6
fxe6 20.Bxe6+ Rxe6 21.Qxe6+ Qxe6 22.Rxe6 Kf7 23.Rde1 Bc8 24.R6e2
Ba6 25.Rd2 Ne7 26.Nh2 Ned5 27.Bg3 h5 28.Nf3 Bh6 29.Rdd1 Nf4 30.Bxf4
Bxf4 31.h4 Bb7 32.Ng5+ Bxg5 33.hxg5 Ne4 34.Re3 Nxg5 35.Rde1 Rd7
36.Re8 Nh7 37.f3 Nf6 38.Rh8 Kg7 39.Rb8 Kf7 40.Rh8 Kg7 41.Rb8
Kf7 42.Kf2 Kg7 43.Ra1 Kf7 44.Rc1 d5 45.Re1 Kg7 46.Kg3 Kf7 47.Re3
Kg7 48.Re5 Kf7 49.a3 b5 50.Re1 a5 51.a4 bxa4 52.Ra1 Bc6 53.Rb6
Rc7 54.Ra6 Bd7 55.Rxa5 Rb7 56.Ra2 Bb5 57.Kf4 Nd7 58.g4 hxg4 59.fxg4
Kf6 60.g5+ Kf7 61.Ra1 Bc4 62.Rh1 Rxb2 63.Rxa4 Rf2+ 64.Kg3 Rf5
65.Rh7+ Ke6 66.Kg4 Be2+ 67.Kh4 Rf4+ 68.Kh3 Rf3+ 69.Kg2 Rf5 70.Ra7
Rxg5+ 71.Kf2 Bb5 72.Ra5 Bc6 73.Ra6 Kd6 74.Rh8 Rf5+ 75.Ke3 Kc7
76.Rg8 Rg5 77.Rg7 Rg3+ 78.Kd2 Rg2+ 79.Ke3 Rg3+ 80.Kf4 Rg1 81.Ra2
Rc1 82.Ra7+ Kb6 83.Ra3 Rf1+ 84.Kg5 Rg1+ 85.Kh6 Rh1+ 86.Kg5 Rg1+
87.Kh6 Rh1+ 88.Kxg6 Rg1+ 89.Kf7 Rxg7+ 90.Kxg7 Bb5 91.Kf7 Bc4
92.Ke7 Kc6 93.Ra5 Nb6 94.Ke6 Nc8 95.Ke5 Kb6 96.Ra4 Na7 97.Ra1
Nb5 98.Rc1 Ka5 99.Ra1+ Kb6 100.Rc1 Ka5 101.Ra1+ Kb6 102.Rc1 1/2-1/2

[Event "B"]
[Site ""]
[Date "2009.01.31"]
[Round "1.153"]
[White "Marder, Elena"]
[Black "Tchernyi, Viktor"]
[Result "0-1"]
[WhiteElo "1747"]
[BlackElo "2154"]
[Annotator ""]
[Source ""]
[Remark ""]

1.c4 e5 2.Nc3 Nf6 3.Nf3 Nc6 4.g3 Bb4 5.Nd5 a5 6.Nxb4 axb4 7.Bg2
O-O 8.d3 d6 9.O-O Re8 10.Bd2 e4 11.Ng5 Bf5 12.dxe4 Nxe4 13.Bxe4
Bxe4 14.Nxe4 Rxe4 15.b3 Qe7 16.e3 Re5 17.Qf3 Qe6 18.Bxb4 Nxb4
19.Qxb7 Re8 20.Qxb4 Qh3 21.Qd2 Rh5 22.f4 Rxe3 23.Qg2 Qxg2+ 24.Kxg2
Re2+ 25.Kf3 Rhxh2 26.Rae1 Rxe1 27.Rxe1 Kf8 28.a4 Ra2 29.Ke4 Ke7
30.Kd4+ Kd7 31.Kc3 c5 32.Kd3 h5 33.Re2 Ra1 34.Ke4 g6 35.Kf3 Rf1+
36.Kg2 Rb1 37.Re3 Rb2+ 38.Kf3 Rh2 39.Re2 Rh1 40.Ra2 Kc6 41.a5
Rb1 42.Ra3 Kb7 43.a6+ Ka7 44.Ke4 Rd1 45.Ke3 Re1+ 46.Kf3 Re8 47.Ra2
Rb8 48.Ra3 f5 49.Kg2 Rb6 50.Kh3 Rxa6 51.Rxa6+ Kxa6 52.Kh4 Ka5
53.Kg5 Kb4 54.Kxg6 Kxb3 55.Kxf5 Kxc4 56.Ke4 d5+ 57.Ke5 d4 58.f5
d3 59.f6 d2 60.f7 d1Q 61.f8Q Qe1+ 62.Kd6 Qxg3+ 0-1

[Event "B"]
[Site ""]
[Date "2009.01.31"]
[Round "1.154"]
[White "Bukhteeva, Viktoria"]
[Black "Kosov, Igor"]
[Result "1-0"]
[WhiteElo "2154"]
[BlackElo "1743"]
[Annotator ""]
[Source ""]
[Remark ""]

1.e4 c5 2.Nf3 d6 3.d4 cxd4 4.Qxd4 Nc6 5.Bb5 Bd7 6.Bxc6 Bxc6 7.Nc3
Nf6 8.Bg5 e6 9.O-O-O Be7 10.Rhe1 Qb6 11.Qd2 O-O-O 12.Nd4 Rhe8
13.f3 h6 14.Be3 Qc7 15.Ncb5 Bxb5 16.Nxb5 Qc4 17.Nxa7+ Kb8 18.Qa5
Qa6 19.Qxa6 bxa6 20.Nc6+ Kc7 21.Nxd8 Rxd8 22.Rd3 Rb8 23.Red1
Rb5 24.Ra3 a5 25.Rc3+ Kd7 26.a4 Rb8 27.Bf4 Rb4 28.b3 d5 29.Rc7+
Kd8 30.Ra7 1-0

[Event "B"]
[Site ""]
[Date "2009.01.31"]
[Round "1.155"]
[White "Procop, Egor"]
[Black "Malyshev, Roman"]
[Result "1/2-1/2"]
[WhiteElo "1739"]
[BlackElo "2154"]
[Annotator ""]
[Source ""]
[Remark ""]

1.e4 c5 2.Nf3 Nc6 3.d4 cxd4 4.Nxd4 Nf6 5.Nc3 d6 6.Be3 e5 7.Nb3
Be7 8.Bc4 O-O 9.O-O a6 10.a4 Be6 11.Qe2 Rc8 12.Bxe6 fxe6 13.h3
Nb4 14.Rad1 d5 15.f4 exf4 16.Bxf4 Qb6+ 17.Be3 Qc7 18.exd5 exd5
19.Bf4 Bc5+ 20.Kh1 Qd7 21.Nxc5 Rxc5 22.Qf2 Rc4 23.Bh2 Re8 24.Rfe1
Rxe1+ 25.Rxe1 d4 26.Ne4 Nxe4 27.Rxe4 Nxc2 28.Bd6 h6 29.Re7 Qxe7
30.Bxe7 Ne3 31.Qf8+ Kh7 32.h4 d3 33.Bb4 Rxh4+ 34.Kg1 Rg4 35.Bc3
Rxg2+ 36.Kh1 d2 37.Bxd2 Rxd2 38.Qf3 Nd5 39.Qf5+ 1/2-1/2

[Event "B"]
[Site ""]
[Date "2009.01.31"]
[Round "1.158"]
[White "Goroshilov, Vladislav"]
[Black "Khorsun, Vsevolod"]
[Result "1-0"]
[WhiteElo "2147"]
[BlackElo "1715"]
[Annotator ""]
[Source ""]
[Remark ""]

1.d4 Nf6 2.c4 g6 3.Nc3 Bg7 4.Nf3 O-O 5.g3 d6 6.Bg2 c6 7.O-O Qc7
8.h3 e5 9.e3 Nbd7 10.b3 e4 11.Nd2 d5 12.a4 Qa5 13.Qc2 Rd8 14.Ba3
Bf8 15.b4 Bxb4 16.Nb3 Qc7 17.Bxb4 a5 18.Be7 Re8 19.Bxf6 Nxf6
20.cxd5 cxd5 21.Rfc1 Qe7 22.Nb5 Be6 23.Qc5 Rac8 24.Qxe7 Rxc1+
25.Rxc1 Rxe7 26.Nxa5 Bd7 27.Bf1 b6 28.Nc6 Re6 29.Ne5 Re8 30.Nc7
Rc8 31.Nxd7 Rxc7 32.Nxf6+ 1-0

[Event "B"]
[Site ""]
[Date "2009.01.20"]
[Round "1.159"]
[White "Lebedev, Roman"]
[Black "Selensky, A"]
[Result "0-1"]
[WhiteElo "1710"]
[BlackElo "2146"]
[Annotator ""]
[Source ""]
[Remark ""]

1.e4 c5 2.Nf3 Nc6 3.Bb5 d6 4.O-O e5 5.Nc3 Be6 6.d3 Be7 7.Bd2
a6 8.Bxc6+ bxc6 9.Ne2 h6 10.c4 Nf6 11.Bc3 O-O 12.Qa4 Qd7 13.Nd2
Nh5 14.f4 Bg4 15.Rae1 Bxe2 16.Rxe2 Nxf4 17.Re3 Bg5 18.Ref3 Ne2+ 0-1

[Event "B"]
[Site ""]
[Date "2009.01.31"]
[Round "1.160"]
[White "Bikuzhin, Vaksim"]
[Black "Raondi, Yan-Martin"]
[Result "1-0"]
[WhiteElo "2145"]
[BlackElo "1702"]
[Annotator ""]
[Source ""]
[Remark ""]

1.b3 Nf6 2.Bb2 e6 3.Nf3 d5 4.e3 Be7 5.Be2 O-O 6.O-O c5 7.c4 Nc6
8.cxd5 exd5 9.d4 b6 10.Nbd2 Bb7 11.a3 Re8 12.Qc2 Rc8 13.dxc5
Bxc5 14.b4 Bd6 15.Qa4 Bb8 16.b5 Na5 17.Rac1 Qd6 18.Qh4 Rxc1 19.Rxc1
Bc8 20.Be5 Qxa3 21.Ra1 Rxe5 22.Rxa3 Rh5 23.Qd4 Ng4 24.Rxa5 Nxh2
25.Qc3 Bg4 26.Qc6 Nxf3+ 27.Nxf3 Bh2+ 1-0

[Event "B"]
[Site ""]
[Date "2009.01.31"]
[Round "1.162"]
[White "Savitskiy, Sergey"]
[Black "Pak, Alexander"]
[Result "1-0"]
[WhiteElo "2143"]
[BlackElo "1649"]
[Annotator ""]
[Source ""]
[Remark ""]

1.e4 e6 2.Nc3 d5 3.Nf3 Nf6 4.e5 Nfd7 5.d4 c5 6.dxc5 Nc6 7.Bf4
Bxc5 8.Bd3 f6 9.exf6 Nxf6 10.Qe2 O-O 11.O-O-O a6 12.Ne5 Nxe5
13.Bxe5 b5 14.g4 Qe8 15.g5 Nd7 16.Bg3 Nb6 17.Rhe1 b4 18.Nb1 a5
19.f4 Qf7 20.Nd2 Bd6 21.Rf1 a4 22.Kb1 g6 23.f5 exf5 24.Bxd6 Re8
25.Qf2 Nc4 26.Bxc4 dxc4 27.Bxb4 a3 28.Bc3 axb2 29.Qd4 1-0

[Event "B"]
[Site ""]
[Date "2009.01.31"]
[Round "1.163"]
[White "Makhno, Mikhail"]
[Black "Fokin, Sergey"]
[Result "0-1"]
[WhiteElo "1621"]
[BlackElo "2142"]
[Annotator ""]
[Source ""]
[Remark ""]

1.e4 c5 2.Nf3 e6 3.d4 cxd4 4.Nxd4 a6 5.Nc3 b5 6.a3 Bb7 7.Be2
d6 8.O-O Nf6 9.Re1 Be7 10.Bf3 Nbd7 11.Bg5 Ne5 12.Bxf6 Bxf6 13.Be2
Rc8 14.a4 b4 15.Na2 Qb6 16.Nc1 Nc4 17.Bxc4 Bxd4 18.Qe2 Rxc4 19.Qxc4
Bxf2+ 20.Kf1 Bxe1 21.Kxe1 Qg1+ 22.Kd2 Qxg2+ 23.Ne2 Qxe4 24.Qc7
Qd5+ 25.Kc1 O-O 26.Kb1 Rc8 27.Qb6 Qd1+ 28.Nc1 Qxc2+ 29.Ka2 0-1

[Event "B"]
[Site ""]
[Date "2009.01.31"]
[Round "1.165"]
[White "Rodnov, Sergey"]
[Black "Uteshev, Arsen"]
[Result "0-1"]
[WhiteElo "1512"]
[BlackElo "2141"]
[Annotator ""]
[Source ""]
[Remark ""]

1.d4 Nf6 2.Nf3 e6 3.e3 b6 4.Bd3 Bb7 5.O-O Be7 6.Nbd2 c5 7.b3
O-O 8.Bb2 d5 9.Qe2 Ne4 10.Rfe1 Nd7 11.Ne5 Nxe5 12.dxe5 f5 13.exf6
Bxf6 14.Bxf6 Qxf6 15.Nxe4 dxe4 16.Bc4 Bd5 17.Ba6 Qe5 18.Rad1
Rf6 19.Rd2 Raf8 20.Qd1 Rh6 21.g3 Rf3 22.Bf1 Qh5 23.h3 Qe5 24.c4
Bc6 25.Rd8+ Rf8 26.Rxf8+ Kxf8 27.Qg4 Rf6 28.Rd1 Be8 29.Bg2 Bh5
30.Rd8+ Ke7 31.Qxg7+ Kxd8 32.Bxe4 Qb2 33.f4 Qa1+ 34.Kh2 Qxa2+
35.Kg1 Qa1+ 36.Kh2 Bg6 37.Bc6 Qb2+ 38.Kg1 Qc1+ 39.Kf2 Qd2+ 40.Kg1
Qxe3+ 41.Kh2 Rf7 42.Qh8+ Kc7 43.Qa8 Qxb3 44.Qb7+ Kd6 45.Qa8 Qxc4
46.Bg2 Qa4 47.Qb8+ Ke7 0-1

[Event "B"]
[Site ""]
[Date "2009.01.31"]
[Round "1.166"]
[White "Shitov, Yaroslav"]
[Black "Vasiliev, Mikhail"]
[Result "1-0"]
[WhiteElo "2137"]
[BlackElo "1486"]
[Annotator ""]
[Source ""]
[Remark ""]

1.e4 e5 2.Nf3 Nc6 3.Nc3 Bc5 4.Nxe5 Nxe5 5.d4 Bxd4 6.Qxd4 d6 7.Bf4
Qf6 8.Bxe5 dxe5 9.Qc5 Qd6 10.Qxd6 cxd6 11.Nb5 Ke7 12.O-O-O Nf6
13.Nxd6 Rd8 14.Nxc8+ Raxc8 15.Rxd8 Rxd8 16.f3 b6 17.Bb5 Nd7 18.Bxd7
Rxd7 19.Rd1 Rc7 20.c3 g6 21.Kc2 Ke6 22.a4 f5 23.b4 fxe4 24.fxe4
Rf7 25.Rd2 Rc7 26.Kb3 Rf7 27.Kc4 Rc7+ 28.Kb3 Kf6 29.Rd5 Re7 30.Rd3
Kg5 31.g3 Kg4 32.h4 Rf7 33.c4 Rc7 34.Rc3 g5 35.hxg5 Kxg5 36.c5
bxc5 37.bxc5 h5 38.Kc4 Kf6 39.Kd5 Rd7+ 40.Kc6 Ke6 41.Kb5 Rb7+
42.Ka6 Rb4 43.c6 Rxa4+ 44.Kb7 Kd6 45.c7 Rb4+ 46.Ka8 1-0

[Event "Moscow Open 2009 B"]
[Site "www.moscowchessopen.ru"]
[Date "2009.02.01"]
[Round "2.1"]
[White "Reshetnikov, Evgeny"]
[Black "Savitskiy, Sergey"]
[Result "1-0"]
[WhiteElo "2299"]
[BlackElo "2143"]
[Annotator ""]
[Source ""]
[Remark ""]

1.e4 c5 2.Nf3 Nc6 3.d4 cxd4 4.Nxd4 g6 5.Nc3 Bg7 6.Nb3 Nf6 7.Be2
O-O 8.O-O d6 9.Re1 Be6 10.Bf1 Rc8 11.Nd5 Ne5 12.Bg5 Bxd5 13.exd5
h6 14.Be3 Nc4 15.Bxc4 Rxc4 16.Qd3 Rc8 17.Bd4 a6 18.a4 Nd7 19.Bxg7
Kxg7 20.Qd4+ Nf6 21.c4 Re8 22.Re3 Qd7 23.a5 Qg4 24.Rc3 Qxd4 25.Nxd4
e5 26.dxe6 fxe6 27.Re1 Kf7 28.Rb3 Rc7 29.Rb6 e5 30.Nf3 Re6 31.Rd1
Ke7 32.Kf1 Nd7 33.Rb3 Nc5 34.Re3 Nd7 35.Nd2 Nf6 36.Rb3 Kd7 37.f3
Kc8 38.Rd3 Rf7 39.Ke2 Kc7 40.Ke3 Kc6 41.Ne4 Nxe4 42.fxe4 Kc7
43.b4 Ref6 44.Rd5 Re7 45.b5 Re8 46.c5 Ree6 47.cxd6+ Rxd6 48.b6+
Kd7 49.Rc1 Rxd5 50.exd5 Kd6 51.Rc7 Kxd5 52.Rxb7 Rc6 53.Rc7 1-0

[Event "Moscow Open 2009 B"]
[Site "www.moscowchessopen.ru"]
[Date "2009.02.01"]
[Round "2.3"]
[White "Pranizin, Gennady"]
[Black "Benza, Artem"]
[Result "0-1"]
[WhiteElo "2145"]
[BlackElo "2298"]
[Annotator ""]
[Source ""]
[Remark ""]

1.e4 c5 2.Nf3 d6 3.c3 Nf6 4.Bd3 Nc6 5.O-O Bg4 6.Re1 e5 7.Bc2
Be7 8.d3 O-O 9.Nbd2 b5 10.Nf1 Re8 11.Ne3 Bh5 12.Nf5 Bf8 13.Bg5
h6 14.Be3 d5 15.Ng3 Bg4 16.a4 b4 17.c4 dxc4 18.dxc4 Nd4 19.Bxd4
cxd4 20.b3 Nd7 21.Ne2 Bxf3 22.gxf3 Nc5 23.Nc1 Ne6 24.Nd3 Ng5
25.Qe2 Nh3+ 26.Kh1 Qh4 27.Rg1 Nxg1 28.Rxg1 a5 29.Qf1 Ra6 30.Rg3
g6 31.Qh3 Qd8 32.Bd1 Bg7 33.Rg1 Kh7 34.Qg4 Qe7 35.Qg3 h5 36.Qg2
Bh6 37.Be2 Rf8 38.Qg3 Re6 39.Qg2 f5 40.Bd1 fxe4 41.fxe4 Qh4 42.f3
Be3 43.Rf1 g5 44.Qg3 Rg8 45.Be2 Bf4 46.Qf2 Rf6 47.Kg2 Qxh2# 0-1

[Event "Moscow Open 2009 B"]
[Site "www.moscowchessopen.ru"]
[Date "2009.02.01"]
[Round "2.4"]
[White "Dibrov, Ilya"]
[Black "Lisinov, Viacheslav"]
[Result "1-0"]
[WhiteElo "2298"]
[BlackElo "2129"]
[Annotator ""]
[Source ""]
[Remark ""]

1.d4 Nf6 2.c4 c5 3.Nf3 e6 4.Nc3 d5 5.Bg5 Nc6 6.e3 cxd4 7.Nxd4
Be7 8.cxd5 Nxd5 9.Nxc6 bxc6 10.Bxe7 Qxe7 11.Qa4 Bd7 12.Rc1 O-O
13.Be2 Rfb8 14.b3 a5 15.O-O Rb4 16.Qa3 Kf8 17.Na4 Be8 18.Rfd1
f6 19.Bf3 Kf7 20.Rd2 f5 21.Qb2 Qf6 22.Qc2 Rbb8 23.Qc5 Rb5 24.Qa3
Qe5 25.g3 Ra7 26.Kg2 Kg8 27.Rc4 Rb4 28.Qc1 h6 29.Nc5 Rb8 30.Rcd4
Kh7 31.Nd3 Qf6 32.Qc5 Raa8 33.Rc4 e5 34.e4 Rb5 35.Qa3 Nb6 36.Rcc2
f4 37.Qc1 a4 38.b4 a3 39.Rc5 Rxc5 40.Qxc5 Nd7 41.Qc3 Bf7 42.Bg4
Be6 43.Bxe6 Qxe6 44.f3 fxg3 45.hxg3 h5 46.Rc2 Rc8 47.Qxa3 h4
48.Qc1 hxg3 49.Qg5 g6 50.Kxg3 Kg7 51.Rh2 Rg8 52.Qh6+ Kf7 53.Qh7+
Rg7 54.Qh3 Rg8 55.a4 Nf6 56.Qxe6+ Kxe6 57.Rc2 Kd6 58.a5 g5 59.Rd2
Ke6 60.Nc5+ Kf7 61.a6 Ra8 62.Kf2 g4 63.fxg4 Nxg4+ 64.Kf3 Nf6
65.Ke3 Rb8 66.Kd3 Ke7 67.Kc4 1-0

[Event "Moscow Open 2009 B"]
[Site "www.moscowchessopen.ru"]
[Date "2009.02.01"]
[Round "2.5"]
[White "Fokin, Sergey"]
[Black "Kutuzov, Denis"]
[Result "0-1"]
[WhiteElo "2142"]
[BlackElo "2298"]
[Annotator ""]
[Source ""]
[Remark ""]

1.Nf3 Nf6 2.c4 c6 3.d4 d5 4.Nc3 a6 5.e3 b5 6.cxd5 cxd5 7.Ne5
e6 8.Bd3 Bb7 9.O-O Bd6 10.f4 O-O 11.Bd2 Nbd7 12.Be1 Ne4 13.Qb1
f5 14.a4 b4 15.Nxe4 fxe4 16.Nxd7 Qxd7 17.Be2 a5 18.b3 Ba6 19.Ra2
Rfc8 20.Qd1 Bxe2 21.Qxe2 Rc1 22.Rc2 Rxc2 23.Qxc2 Rc8 24.Qe2 Be7
25.Qg4 Rc1 26.Bg3 Rc3 27.f5 exf5 28.Qxf5 Qxf5 29.Rxf5 Rxb3 30.Rxd5
Rb1+ 31.Kf2 b3 32.Rxa5 Rb2+ 33.Kf1 Ra2 34.Rb5 b2 35.Be1 Ba3 36.a5
Ra1 37.a6 Bb4 38.Rxb4 b1Q 39.Rxb1 Rxb1 40.h4 Ra1 41.Kf2 Kf7 42.Bc3
Rxa6 43.d5 Rg6 44.Be5 Rg4 45.g3 h5 46.Ke2 g5 47.hxg5 Rxg5 48.Bd4
Rxd5 49.Kf2 Kg6 50.Kg2 Kg5 51.Kh3 Rd7 52.Bc5 Rd1 53.Bb6 Rh1+
54.Kg2 Rb1 55.Bd8+ Kg4 56.Bf6 Rc1 0-1

[Event "Moscow Open 2009 B"]
[Site "www.moscowchessopen.ru"]
[Date "2009.02.01"]
[Round "2.6"]
[White "Kachar, Vladimir"]
[Black "Semenov, Viktor"]
[Result "1-0"]
[WhiteElo "2295"]
[BlackElo "2126"]
[Annotator ""]
[Source ""]
[Remark ""]

1.Nf3 d5 2.c4 c6 3.e3 Nf6 4.Nc3 e6 5.d4 Nbd7 6.Bd3 dxc4 7.Bxc4
b5 8.Bd3 a6 9.a4 b4 10.Ne4 a5 11.Nxf6+ gxf6 12.Qe2 Qb6 13.e4
Ba6 14.Be3 Bxd3 15.Qxd3 Qa6 16.Qxa6 Rxa6 17.Ke2 h5 18.Rhc1 Bh6
19.Rc4 Bxe3 20.Kxe3 Ke7 21.Rac1 Kd6 22.h4 Rc8 23.R4c2 Ke7 24.Nd2
Kd6 25.Nb3 e5 26.dxe5+ Nxe5 27.Rd1+ Ke7 28.Rc5 Ra7 29.f4 Nd7
30.Rxa5 Rxa5 31.Nxa5 Nb6 32.b3 Ke6 33.Nb7 f5 34.Nc5+ Ke7 35.a5 1-0

[Event "Moscow Open 2009 B"]
[Site "www.moscowchessopen.ru"]
[Date "2009.02.01"]
[Round "2.7"]
[White "Kavalenia, Leonid"]
[Black "Bereznev, Andrey"]
[Result "1/2-1/2"]
[WhiteElo "2295"]
[BlackElo "2122"]
[Annotator ""]
[Source ""]
[Remark ""]

1.d4 d5 2.Nc3 Nf6 3.Bg5 e6 4.e4 dxe4 5.Nxe4 Be7 6.Bxf6 gxf6 7.Nf3
f5 8.Ng3 c5 9.dxc5 Qxd1+ 10.Rxd1 Bxc5 11.Bb5+ Bd7 12.Bxd7+ Nxd7
13.O-O Nf6 14.Ne5 Be7 15.Rd3 O-O 16.Rfd1 Rfd8 17.c4 Rxd3 18.Rxd3
Rd8 19.f3 Rxd3 20.Nxd3 Nd7 21.Kf2 Nc5 22.Ke2 Kg7 23.a3 Nxd3 24.Kxd3
Kg6 25.b4 Bd6 26.Nf1 Kg5 27.c5 Bc7 28.a4 e5 29.Ne3 e4+ 30.fxe4
fxe4+ 31.Kxe4 Bxh2 32.b5 h5 33.c6 bxc6 34.bxc6 Bb8 35.Kf3 Kf6
36.c7 Bxc7 37.Nd5+ Ke6 38.Nxc7+ Kd7 39.Nb5 a6 40.Nd4 Kd6 41.Kf4
Kc5 42.Ke5 h4 43.Nf5 Kb4 44.Nxh4 Kxa4 45.Nf5 a5 46.Nd4 Ka3 47.g4
a4 48.g5 Kb4 49.Kd5 Kc3 50.Nb5+ Kb4 51.Nd4 Kc3 52.Nb5+ Kb4 53.Kc6
Kc4 54.Nd6+ Kb4 55.Nxf7 a3 56.g6 a2 57.g7 a1Q 58.g8Q Qa6+ 59.Kd5
Qc4+ 60.Ke5 Qc3+ 61.Ke6 1/2-1/2

[Event "Moscow Open 2009 B"]
[Site "www.moscowchessopen.ru"]
[Date "2009.02.01"]
[Round "2.8"]
[White "Uteshev, Arsen"]
[Black "Kovtunenko, Alexandr"]
[Result "0-1"]
[WhiteElo "2141"]
[BlackElo "2294"]
[Annotator ""]
[Source ""]
[Remark ""]

1.d4 Nf6 2.Nf3 g6 3.c4 Bg7 4.Nc3 c5 5.d5 d6 6.Bg5 O-O 7.e4 b5
8.cxb5 a6 9.bxa6 Qa5 10.Nd2 Bxa6 11.Bxa6 Qxa6 12.Qe2 Nbd7 13.Qxa6
Rxa6 14.Nc4 Nb6 15.Nxb6 Rxb6 16.O-O-O Rfb8 17.Rd2 Nd7 18.Nd1
Kf8 19.b3 c4 20.Rc2 cxb3 21.axb3 Nc5 22.Rc4 Rxb3 23.Be3 Nd3+
24.Kc2 Ne5 25.Rc7 Ke8 26.Bd4 Kd8 27.Bxe5 Bxe5 28.Rc6 Rb1 29.h4
Ra1 30.Kd2 Rbb1 31.g3 Bd4 32.f4 Bc5 33.h5 gxh5 34.e5 Kd7 35.Rf1
Rb3 36.f5 Ra2+ 37.Kc1 Ba3+ 38.Nb2 Rbxb2 39.e6+ Kd8 0-1

[Event "Moscow Open 2009 B"]
[Site "www.moscowchessopen.ru"]
[Date "2009.02.01"]
[Round "2.9"]
[White "Krivonos, Nikolay"]
[Black "Tangatarov, Timur"]
[Result "1-0"]
[WhiteElo "2294"]
[BlackElo "2121"]
[Annotator ""]
[Source ""]
[Remark ""]

1.c4 c6 2.Nf3 Nf6 3.b3 d5 4.Bb2 g6 5.cxd5 cxd5 6.Bxf6 exf6 7.d4
Qa5+ 8.Nbd2 Bg4 9.e3 Bxf3 10.gxf3 Bb4 11.Bd3 O-O 12.Ke2 Nd7 13.a3
Bc3 14.b4 Qb6 15.Rc1 Bxd2 16.Kxd2 a5 17.b5 Qd6 18.Qb3 Rfc8 19.f4
Nb6 20.h4 a4 21.Qa2 Nc4+ 22.Bxc4 Rxc4 23.Rxc4 dxc4 24.Kc3 Qd5
25.Rb1 Qe4 26.Qc2 Qe7 27.Rb4 f5 28.h5 gxh5 29.Qxf5 h4 30.Qe5
Qxe5 31.fxe5 Kg7 32.Rxc4 Kg6 33.d5 Kg5 34.Kd4 h3 35.Rc1 Kg4 36.Rg1+
Kh4 37.Rh1 Rc8 38.e6 fxe6 39.dxe6 Rf8 40.Rh2 Rg8 41.Ke5 1-0

[Event "Moscow Open 2009 B"]
[Site "www.moscowchessopen.ru"]
[Date "2009.02.01"]
[Round "2.10"]
[White "Tiukaev, Ilgiz"]
[Black "Kalinin, Anatoly"]
[Result "1-0"]
[WhiteElo "2134"]
[BlackElo "2293"]
[Annotator ""]
[Source ""]
[Remark ""]

1.e4 c6 2.d3 d5 3.Nd2 e5 4.Ngf3 Bd6 5.g3 Nf6 6.Bg2 d4 7.O-O c5
8.h3 h6 9.Nc4 Nc6 10.c3 g5 11.cxd4 cxd4 12.Qa4 Kf8 13.b4 g4 14.hxg4
Bxg4 15.b5 Bxf3 16.Nxd6 Bxg2 17.Ba3 Ne7 18.Kxg2 Kg7 19.Nxb7 Qd7
20.Nd6 h5 21.Qb3 Qe6 22.Qxe6 fxe6 23.Rac1 Ng4 24.Rc7 Kf6 25.Kh3
Rhf8 26.Nc4 Rfe8 27.f4 Ng8 28.fxe5+ Kg6 29.Rff7 1-0

[Event "Moscow Open 2009 B"]
[Site "www.moscowchessopen.ru"]
[Date "2009.02.01"]
[Round "2.11"]
[White "Yuferev, Oleg"]
[Black "Gaboev, Batraz"]
[Result "1-0"]
[WhiteElo "2293"]
[BlackElo "2120"]
[Annotator ""]
[Source ""]
[Remark ""]

1.Nf3 Nf6 2.c4 e6 3.g3 d5 4.d4 Be7 5.Bg2 O-O 6.O-O c6 7.Nc3 b6
8.b3 Ba6 9.a4 Bb7 10.Ne5 Na6 11.Bb2 Rc8 12.e3 Nb4 13.Qe2 Qc7
14.Rfd1 Rfd8 15.e4 dxe4 16.Nxe4 c5 17.Ng5 Bxg2 18.Kxg2 cxd4 19.Nexf7
Qc6+ 20.Kh3 d3 21.Nxd8 dxe2 22.Nxc6 Rxc6 23.Re1 h6 24.Nf3 Nc2
25.Rxe2 Nxa1 26.Bxa1 Nd7 27.Nd4 Rd6 28.Nxe6 Bf6 29.Bxf6 gxf6
30.Nf4 Kf7 31.Nd5 Nc5 32.Re7+ Kg6 33.Re3 a6 34.Kg4 f5+ 35.Kf4
b5 36.axb5 axb5 37.Ke5 Rd7 38.Nf4+ Kf7 39.cxb5 Rb7 40.Kd5 Ne4
41.Kc6 Rb8 42.f3 Nf6 43.b6 1-0

[Event "Moscow Open 2009 B"]
[Site "www.moscowchessopen.ru"]
[Date "2009.02.01"]
[Round "2.12"]
[White "Rosanov, Lev I"]
[Black "Konenkin, Dmitry"]
[Result "1/2-1/2"]
[WhiteElo "2129"]
[BlackElo "2289"]
[Annotator ""]
[Source ""]
[Remark ""]

1.e4 d6 2.d4 Nf6 3.Nc3 e5 4.dxe5 dxe5 5.Qxd8+ Kxd8 6.Nf3 Bd6
7.Bc4 Be6 8.Bxe6 fxe6 9.Be3 Nc6 10.h3 Ke7 11.a3 a6 12.O-O-O b5
13.Nd2 Nd4 14.Rhe1 c5 15.f3 h6 16.Ne2 Nd7 17.c3 Nc6 18.Kb1 c4
19.Nf1 Na5 20.Nc1 Nc5 21.Bxc5 Bxc5 22.Ne3 Rhd8 23.Nc2 Nb7 24.Nb4
Rxd1 25.Rxd1 Nd8 26.Ne2 a5 27.Nc2 Nb7 28.Ng3 Bb6 29.Nf1 Nc5 30.Nfe3
Nd3 31.a4 Rc8 32.axb5 Nf4 33.Rd2 h5 34.Ka2 a4 35.Ka3 Bc5+ 36.Ka2
Bb6 1/2-1/2

[Event "Moscow Open 2009 B"]
[Site "www.moscowchessopen.ru"]
[Date "2009.02.01"]
[Round "2.13"]
[White "Artamonov, Valery"]
[Black "Gaponenko, Leonid"]
[Result "1-0"]
[WhiteElo "2289"]
[BlackElo "2115"]
[Annotator ""]
[Source ""]
[Remark ""]

1.c4 Nf6 2.Nc3 g6 3.e4 d6 4.d4 Bg7 5.Be2 O-O 6.Bg5 h6 7.Be3 c5
8.e5 Nfd7 9.exd6 exd6 10.Nf3 Nc6 11.Qd2 Kh7 12.Rd1 b6 13.h4 Nf6
14.d5 Ne7 15.h5 Nxh5 16.g4 Bxg4 17.Ng5+ hxg5 18.Bxg4 Kg8 19.Bxh5
gxh5 20.Bxg5 Qe8 21.Kf1 f6 22.Bf4 Nf5 23.Qd3 Qg6 24.Bxd6 Rfe8
25.Bc7 Qg4 26.Rg1 Ne3+ 27.Qxe3 Qxc4+ 28.Qd3 Qh4 29.d6 1-0

[Event "Moscow Open 2009 B"]
[Site "www.moscowchessopen.ru"]
[Date "2009.02.01"]
[Round "2.14"]
[White "Litvinov, Viktor"]
[Black "Timofeev, Vladimir F"]
[Result "0-1"]
[WhiteElo "2125"]
[BlackElo "2288"]
[Annotator ""]
[Source ""]
[Remark ""]

1.c4 f5 2.Nf3 Nf6 3.g3 g6 4.Bg2 Bg7 5.O-O O-O 6.Nc3 d6 7.d4 Qe8
8.Bg5 c6 9.Qd2 Qf7 10.d5 Bd7 11.Rab1 Na6 12.b4 Rac8 13.Ne1 Nc7
14.Nc2 cxd5 15.cxd5 Ng4 16.Nd4 h6 17.Be3 g5 18.Nb3 Bxc3 19.Qxc3
Nxd5 20.Qd4 Nc3 21.Rb2 Bb5 22.Bf3 Ne5 23.Re1 Nxf3+ 24.exf3 f4
25.gxf4 gxf4 26.Bc1 Rc4 27.Qd3 Kh8 28.Kh1 Rg8 29.Rg1 Rxg1+ 30.Kxg1
Ne2+ 31.Kg2 Nxc1 32.Nxc1 Qg7+ 33.Kh3 Bd7+ 0-1

[Event "Moscow Open 2009 B"]
[Site "www.moscowchessopen.ru"]
[Date "2009.02.01"]
[Round "2.15"]
[White "Birjukov, Sergey"]
[Black "Rasstriguine, Andrei"]
[Result "1-0"]
[WhiteElo "2287"]
[BlackElo "2111"]
[Annotator ""]
[Source ""]
[Remark ""]

1.d4 d5 2.Nf3 Nf6 3.c4 e6 4.g3 Be7 5.Bg2 O-O 6.Qc2 c6 7.O-O b5
8.b3 bxc4 9.bxc4 Nbd7 10.Bf4 c5 11.Nc3 Ba6 12.cxd5 exd5 13.Rab1
Bc4 14.Rfd1 Qa5 15.Ne5 cxd4 16.Rxd4 Nxe5 17.Bxe5 Rac8 18.Bh3
Rc6 19.Rb7 Bc5 20.Rf4 Qa6 21.Qb2 Rb6 22.Rxb6 Qxb6 23.Qxb6 axb6
24.Bg2 Nd7 25.Bd4 Bd6 26.Rg4 Ne5 27.Bxe5 Bxe5 28.Bxd5 Ba6 29.Na4
Bxe2 30.Re4 Bd1 31.Nxb6 Bc7 32.Nd7 Bf3 33.Rd4 Bxd5 34.Nxf8 Bxa2
35.Nd7 f6 36.f4 Be6 37.Kg2 Kf7 38.Kf3 h5 39.Ke4 Ke7 40.Nc5 Bh3
41.Ra4 Bb6 42.Kd5 Bg2+ 43.Kc4 Kd6 44.Nb3 Bf1+ 45.Kc3 g5 46.Ra1
Bh3 47.Ra6 Kc7 48.Nd4 h4 49.Ra2 hxg3 50.hxg3 gxf4 51.gxf4 Kd6
52.Rh2 Bd7 53.Rh6 Kd5 54.Ne2 Bg4 55.Kd3 Bf5+ 56.Kd2 Ba5+ 57.Ke3
Bb6+ 58.Kf3 Ke6 59.Ng3 Bd3 60.Ne4 Bd4 61.Rh1 Kd5 62.Rh5+ Ke6
63.Ra5 Bc4 64.f5+ 1-0

[Event "Moscow Open 2009 B"]
[Site "www.moscowchessopen.ru"]
[Date "2009.02.01"]
[Round "2.16"]
[White "Muhtarov, Leonid"]
[Black "Kuznesov, Andrei"]
[Result "0-1"]
[WhiteElo "2124"]
[BlackElo "2286"]
[Annotator ""]
[Source ""]
[Remark ""]

1.Nf3 d5 2.g3 c6 3.Bg2 Bg4 4.d3 Nf6 5.Nbd2 Nbd7 6.O-O e5 7.e4
Bd6 8.h3 Bh5 9.exd5 cxd5 10.c4 d4 11.Qe2 O-O 12.g4 Bg6 13.Nh4
Qc7 14.Nxg6 hxg6 15.h4 Rae8 16.h5 gxh5 17.gxh5 b6 18.Rb1 Nc5
19.Re1 a5 20.b3 Qd7 21.Ba3 Nxd3 22.Qxd3 Bxa3 23.Bh3 Qc7 24.Qf3
Bb4 25.Ne4 Nxe4 26.Rxe4 f5 27.Re2 e4 28.Qg2 Qf7 29.Qg5 d3 30.Re3
f4 31.Ree1 Bxe1 32.Rxe1 d2 33.Rf1 Rd8 34.h6 Qf6 35.Be6+ Kh8 36.Qxf6
Rxf6 37.hxg7+ Kxg7 38.Bd5 Rxd5 39.cxd5 e3 0-1

[Event "Moscow Open 2009 B"]
[Site "www.moscowchessopen.ru"]
[Date "2009.02.01"]
[Round "2.17"]
[White "Antonov, Alexandr"]
[Black "Bronnikov, Konstantin"]
[Result "0-1"]
[WhiteElo "2121"]
[BlackElo "2285"]
[Annotator ""]
[Source ""]
[Remark ""]

1.e4 c5 2.Nf3 a6 3.Nc3 e6 4.d4 cxd4 5.Nxd4 Qc7 6.Be3 Bb4 7.Nde2
Nf6 8.f3 d5 9.exd5 Nxd5 10.Bd2 Nxc3 11.Bxc3 Qb6 12.Qd2 Nc6 13.O-O-O
e5 14.Bxb4 Nxb4 15.a3 Nc6 16.Ng3 Be6 17.Qg5 Rg8 18.Ne4 Kf8 19.Bd3
h6 20.Qd2 Rd8 21.Qc3 Ke7 22.Qc5+ Qxc5 23.Nxc5 Bc8 24.Be4 Rxd1+
25.Rxd1 Nd8 26.c3 f5 27.Bc2 Nc6 28.Bb3 Rd8 29.Rxd8 Nxd8 30.Kd2
Kd6 31.Nd3 Ne6 32.Ke3 Nc5 33.Nxc5 Kxc5 34.Bf7 a5 35.g3 a4 36.Be8
b5 37.Bf7 g5 38.Kd3 Bb7 39.Ke3 Bd5 40.Be8 f4+ 41.gxf4 exf4+ 42.Kf2
Bc4 43.Bd7 Bb3 44.Ke2 Bf7 45.Ke1 Kc4 46.Bc6 Bd5 47.Bxd5+ Kxd5
48.Kd2 h5 49.h3 Ke5 50.b4 axb3 51.Kd1 g4 52.fxg4 hxg4 53.hxg4
f3 54.c4 bxc4 55.a4 f2 56.Ke2 b2 0-1